| Tag |
First Indicator |
Second Indicator |
Subfields |
| LEADER |
00000cam a2200000 a 4500 |
| 001 |
in00000090155 |
| 005 |
20151008065610.0 |
| 008 |
810324s1980 enk b 00110 eng d |
| 020 |
|
|
|a 0333305043
|
| 035 |
|
|
|a (OCoLC)07254912
|
| 035 |
|
|
|9 AAK6240AM
|
| 040 |
|
|
|a UUM
|c UUM
|d TXA
|d UtOrBLW
|
| 043 |
|
|
|a ee-----
|
| 049 |
|
|
|a TXAM
|c [1806064]
|
| 090 |
|
|
|a HC244
|b Z38
|
| 100 |
1 |
|
|a Zauberman, Alfred.
|
| 245 |
1 |
0 |
|a Topics in trade coordination of planned economies /
|c Alfred Zauberman.
|
| 264 |
|
1 |
|a London :
|b Macmillan in association with the Vienna Institute for Comparative Economic Studies,
|c 1980.
|
| 300 |
|
|
|a 108 pages ;
|c 22 cm.
|
| 336 |
|
|
|a text
|b txt
|2 rdacontent
|
| 337 |
|
|
|a unmediated
|b n
|2 rdamedia
|
| 338 |
|
|
|a volume
|b nc
|2 rdacarrier
|
| 504 |
|
|
|a Includes bibliographical references and index.
|
| 610 |
2 |
0 |
|a Council for Mutual Economic Assistance.
|
| 650 |
|
0 |
|a Game theory.
|
| 651 |
|
0 |
|a Europe, Eastern
|x Commerce
|x Mathematical models.
|
| 710 |
2 |
|
|a Wiener Institut für Internationale Wirtschaftsvergleiche.
|
| 999 |
|
|
|a MARS
|
| 999 |
f |
f |
|s 5022a0bd-9caf-368d-a14d-d12617e37347
|i 4152c315-b2e5-3285-8315-4b6c3ad1604c
|t 0
|
| 952 |
f |
f |
|p ric
|a Texas A&M University
|b Rellis Campus
|c Joint Library Facility
|d Remote Storage
|t 0
|e HC244 Z38
|h Library of Congress classification
|i unmediated -- volume
|m A14806003299
|
| 998 |
f |
f |
|a HC244 Z38
|t 0
|l Remote Storage
|